000 00680cam a22002054a 4500
020 _a0072830816 (softcover : alk. paper)
040 _cDLC
082 0 0 _a004 MCG 2004 A007 Or.
100 1 _aHaag, Stephen.
245 1 0 _aComputing concepts :
_bintroductory edition /
250 _a2nd ed.
260 _aBoston :
_bMcGraw-Hill Technology Education,
_cc2004.
300 _axxiv, 428 p. :
_bcol. ill., maps ;
_c28 cm.
650 0 _aElectronic data processing.
700 1 _aCummings, Maeve.
700 1 _aRea, Alan I.
856 4 1 _uhttp://www.loc.gov/catdir/toc/mh051/2003054089.html
856 4 2 _uhttp://www.loc.gov/catdir/enhancements/fy0737/2003054089-b.html
942 _cEK
999 _c12523
_d12523